000 00572nam a2200181Ia 4500
001 11121
003 GE_BSU
008 181216s||||||||xx |||||||||||||| ||und||
040 _cGE_BSU
245 _aМировая экономика и международные отношения.№10. 2013.
245 _b№6 Июль, 2014
245 _cГл. ред. А.В.Рябов.
260 _aМосква
260 _bНаука
300 _a128стр.29см.
653 _aМировая экономика и международные отношения
942 _cCR
999 _c44359
_d44359